| 000 | 00913nam a22002297a 4500 | ||
|---|---|---|---|
| 999 |
_c19134 _d19134 |
||
| 003 | AR-CdUCM | ||
| 008 | 190516b ||||| |||| 00| 0 spa d | ||
| 020 | _a968-816-040-7 | ||
| 040 |
_aMUNICIPALIDAD PROVINCIAL DEL CUSCO _cBIBLIOTECA MUNICIPAL DEL CUSCO |
||
| 082 |
_a342.042 / _bB25 |
||
| 100 |
_aBarragan B., José _940290 |
||
| 245 | _aPrincipios sobre el federalismo mexicano: 1824 / | ||
| 260 |
_aMéxico : _bSecretaria de desarrollo social, _c1984. |
||
| 300 |
_a153 páginas ; _c22 cm. |
||
| 440 |
_aConciencia cívica nacional ; _n12 _940291 |
||
| 505 | _aContenido: Introducción -- Consideraciones sobre el termino -- Papel de las circunstancias políticas e históricas -- Procesos de formación del estado federal mexicano... | ||
| 650 |
_aFederalismo _912838 |
||
| 650 |
_aMéxico _918 |
||
| 710 |
_aDepartamento del distrito federal _912486 |
||
| 942 |
_2ddc _cLIBROS |
||
| 945 |
_aacv _d2019-05-16 |
||